000 00631nam a22001817a 4500
999 _c177809
_d177809
005 20210304155354.0
010 _aENG-129149
020 _c499.00
_a978-93-80828-77-0
035 _aEN-112681
037 _bDBAD/PUB
082 _a322.10954
245 _aSecular India Politics of Minorityism
_cEdited by Rakesh Sinha
260 _aNew Delhi
_bVitasta Publishing Pvt Ltd.
_c2012
270 _a2/15, Ansari Road, Daryaganj
_bNew Delhi
_e110002
_minfo@vitastapublishing.com
300 _a250p.
_c22cm(hbk)
_bIncluding bibliographcal references
700 _aSinha, Rakesh, Ed.
942 _2ddc
_cEN
_h322.10954
_mSEC